Boy Meets World Characters Quiz Stats

 Plays Quiz not verified by Sporcle

Challenge
Share
Tweet
Score 0/22 Timer 06:00
0 Plays Today
% Correct
Cory Matthews
97.3%
George Feeny
91.9%
Shawn Hunter
89.2%
Topanga Lawrence
89.2%
Eric Matthews
89.2%
Alan Matthews
86.5%
Morgan Matthews
86.5%
Amy Matthews
81.1%
Jonathan Turner
78.4%
Chet Hunter
78.4%
Harley Keiner
70.3%
% Correct
Jack Hunter
64.9%
Frankie Stechino
62.2%
Joey the Rat
59.5%
Angela Moore
59.5%
Rachel Mcquire
56.8%
Griff Hawkins
54.1%
Virna Hunter
45.9%
Eli Williams
43.2%
Nana Booboo
40.5%
Rhiannon Lawrence
37.8%
Jedediah Lawrence
35.1%

You're not logged in!

Compare scores with friends on all Sporcle quizzes.
Join for Free
OR
Log In

You Might Also Like...

Show Comments

Extras

Created Aug 28, 2017ReportNominate
Tags:World Quiz, boy, character, meet

Top Quizzes Today


Score Distribution

Your Account Isn't Verified!

In order to create a playlist on Sporcle, you need to verify the email address you used during registration. Go to your Sporcle Settings to finish the process.

Report this User

Report this user for behavior that violates our Community Guidelines.

Details: